[Event "EU-Cup Online Gr-A (Women)"]
[Site "Tornelo INT"]
[Date "2020.12.20"]
[Round "5.4"]
[White "Anacoglu, Cisel"]
[Black "Melnikova, Diana V"]
[Result "1-0"]
[WhiteElo "1924"]
[BlackElo "1884"]
[PlyCount "107"]
[EventDate "2020.12.19"]
[EventType "team-tourn (rapid)"]
[EventRounds "7"]
[EventCountry "ISS"]
[SourceTitle "CBM 199 Extra"]
[Source "ChessBase"]
[SourceDate "2021.01.31"]
[SourceVersion "1"]
[SourceVersionDate "2021.01.31"]
[SourceQuality "1"]
[WhiteTeam "Anatolia White (W)"]
[BlackTeam "Pafos CC (W)"]
[WhiteTeamCountry "TUR"]
[BlackTeamCountry "GRE"]

1. e4 c5 2. Nf3 g6 3. d4 cxd4 4. Qxd4 Nf6 5. Nc3 Nc6 6. Qa4 d6 7. e5 dxe5 8. Nxe5 Bd7 9. Nxd7 Qxd7 10. Be3 Bg7 11. Rd1 Qc8 12. Be2 0-0 13. 0-0 a6 14. Qh4 b5 15. Bf3 Rb8 16. Bf4 e5 17. Bg5 Nd7 18. Rd6 Nd4 19. Bg4 f5 20. Nd5 Rf7 21. c3 fxg4 22. cxd4 Qb7 23. Ne7+ Rxe7 24. Bxe7 exd4 25. Qxg4 Nc5 26. Bf6 Qc7 27. Qxd4 Bxf6 28. Rxf6 Rd8 29. Qf4 Qe7 30. Rc6 Ne6 31. Qe4 Rd6 32. Rc8+ Kf7 33. Re1 g5 34. Qxh7+ Kf6 35. Qxe7+ Kxe7 36. Rc3 Kd7 37. Rce3 Nf4 38. Re7+ Kc6 39. g3 Nd5 40. Rd1 Kc5 41. Re5 Kc6 42. h4 gxh4 43. g4 h3 44. g5 Nf4 45. Rxd6+ Kxd6 46. Rf5 Ne2+ 47. Kh2 Ke6 48. Rf6+ Ke5 49. Rxa6 Nf4 50. g6 Ne6 51. b3 Ng7 52. a4 bxa4 53. bxa4 Kf5 54. Rb6 1-0

[Event "Moscow op (Women) 16th"]
[Site "Moscow"]
[Date "2020.01.28"]
[Round "4"]
[White "Nurgaliyeva, Zarina"]
[Black "Melnikova, Diana V"]
[Result "1-0"]
[WhiteElo "1703"]
[BlackElo "1877"]
[PlyCount "95"]
[EventDate "2020.01.25"]
[EventType "swiss"]
[EventRounds "9"]
[EventCountry "RUS"]
[SourceTitle "CBM 194 Extra"]
[Source "ChessBase"]
[SourceDate "2020.03.31"]
[SourceVersion "1"]
[SourceVersionDate "2020.03.31"]
[SourceQuality "1"]

1. e4 c5 2. Nf3 g6 3. c3 Bg7 4. d4 cxd4 5. cxd4 d5 6. exd5 Nf6 7. Bc4 0-0 8. 0-0 Nbd7 9. Nc3 Nb6 10. Bb3 Nbxd5 11. Ne5 Bf5 12. Qf3 Nxc3 13. bxc3 Be4 14. Qe2 a6 15. Bg5 Bf5 16. Rfe1 h6 17. Bh4 g5 18. Bg3 e6 19. Qf3 Qc8 20. Rac1 g4 21. Qe2 h5 22. Bc2 Bh6 23. Bxf5 Bxc1 24. Bc2 Bh6 25. Qd3 Kg7 26. Bh4 Qc7 27. h3 Rac8 28. c4 Rh8 29. f3 Nd5 30. fxg4 Nb4 31. Qc3 Nxc2 32. Qxc2 Bf4 33. Qf2 Bxe5 34. Rxe5 Rh6 35. c5 hxg4 36. Bg3 Qe7 37. h4 f6 38. Re4 f5 39. Re1 Qd7 40. Be5+ Kh7 41. Bd6 Qc6 42. Re5 Qe8 43. d5 Qh5 44. dxe6 Rg8 45. Rxf5 Qxh4 46. Rf7+ Rg7 47. Rxg7+ Kxg7 48. Qf7+ 1-0

[Event "Minsk Amateur op"]
[Site "Minsk"]
[Date "2018.06.30"]
[Round "8"]
[White "Melnikova, Diana V"]
[Black "Lashkevich, Andrei"]
[Result "0-1"]
[WhiteElo "1867"]
[BlackElo "1364"]
[PlyCount "108"]
[EventDate "2018.06.25"]
[EventType "swiss"]
[EventRounds "9"]
[EventCountry "BLR"]
[SourceTitle "CBM 185 Extra"]
[Source "ChessBase"]
[SourceDate "2018.07.29"]
[SourceVersion "1"]
[SourceVersionDate "2018.07.29"]
[SourceQuality "1"]

1. e4 c6 2. Nc3 d5 3. Nf3 h6 4. d4 Nf6 5. e5 Ne4 6. Bd3 Bf5 7. 0-0 Nxc3 8. bxc3 Bxd3 9. Qxd3 e6 10. c4 Be7 11. cxd5 cxd5 12. Rb1 b6 13. c4 0-0 14. a4 Nc6 15. cxd5 Qxd5 16. Rb5 Qd7 17. Qe4 Rfd8 18. Rd1 Nb4 19. Qg4 Kh7 20. Ba3 Nd5 21. Bxe7 Qxe7 22. Rb3 Rac8 23. h4 Rc4 24. Qe4+ Kg8 25. Ra1 Rdc8 26. a5 Rc1+ 27. Rxc1 Rxc1+ 28. Kh2 Qc7 29. axb6 axb6 30. Ra3 f5 31. Ra8+ Kh7 32. Qe2 Rc2 33. Qd1 Nf4 34. Kg3 Ne2+ 35. Kh2 Qc4 36. Nd2 Qxd4 37. Qxe2 Rxd2 38. Qe3 Qxh4+ 39. Qh3 Qxh3+ 40. Kxh3 Rxf2 41. Re8 Re2 42. Rxe6 b5 43. Kg3 Re4 44. Kf3 b4 45. Rb6 Rxe5 46. Rxb4 g5 47. Rb6 Ra5 48. Rf6 Kg7 49. Re6 Ra3+ 50. Kf2 h5 51. Rd6 h4 52. Rc6 h3 53. g3 g4 54. Rb6 Rf3+ 0-1

[Event "Minsk Amateur op"]
[Site "Minsk"]
[Date "2018.06.26"]
[Round "2"]
[White "Melnikova, Diana V"]
[Black "Korovin, Mikhail"]
[Result "0-1"]
[WhiteElo "1867"]
[BlackElo "2299"]
[PlyCount "96"]
[EventDate "2018.06.25"]
[EventType "swiss"]
[EventRounds "9"]
[EventCountry "BLR"]
[SourceTitle "CBM 185 Extra"]
[Source "ChessBase"]
[SourceDate "2018.07.29"]
[SourceVersion "1"]
[SourceVersionDate "2018.07.29"]
[SourceQuality "1"]

1. e4 e6 2. d4 d5 3. exd5 exd5 4. Nf3 Bd6 5. c4 Nf6 6. Nc3 0-0 7. cxd5 h6 8. Be2 Nbd7 9. 0-0 Nb6 10. Ne5 Nbxd5 11. Nxd5 Nxd5 12. Bc4 Nb6 13. Bb3 Qf6 14. f4 Be6 15. Bc2 Bf5 16. Bb3 Rad8 17. Qf3 c6 18. Be3 Bb8 19. g4 Be6 20. Bc2 Bd5 21. Qg3 Rfe8 22. b3 Qe7 23. Rae1 f6 24. Ng6 Qb4 25. Bf2 Qd2 26. Bb1 Nc8 27. Be3 Qb4 28. Nh4 Nd6 29. Bg6 Ne4 30. Qh3 Bf7 31. Bxf7+ Kxf7 32. Nf5 Rd5 33. Re2 Qb5 34. Rg2 Nd6 35. Nxd6+ Bxd6 36. g5 Qd3 37. g6+ Kf8 38. Rg3 Qf5 39. Qg2 Bc7 40. Qd2 a5 41. Rc1 h5 42. a4 h4 43. Rg2 Rxe3 44. Qxe3 Bxf4 45. Qe1 Bxc1 46. Qxc1 Rxd4 47. Qa3+ c5 48. Qc1 Qd5 0-1

[Event "Minsk Amateur op"]
[Site "Minsk"]
[Date "2018.06.25"]
[Round "1"]
[White "Makoveev, Ilya"]
[Black "Melnikova, Diana V"]
[Result "1-0"]
[WhiteElo "2254"]
[BlackElo "1867"]
[PlyCount "97"]
[EventDate "2018.06.25"]
[EventType "swiss"]
[EventRounds "9"]
[EventCountry "BLR"]
[SourceTitle "CBM 185 Extra"]
[Source "ChessBase"]
[SourceDate "2018.07.29"]
[SourceVersion "1"]
[SourceVersionDate "2018.07.29"]
[SourceQuality "1"]

1. e4 c5 2. Nf3 Nc6 3. d4 cxd4 4. Nxd4 g6 5. c4 Nf6 6. Nc3 d6 7. Be2 Bg7 8. Be3 Nxd4 9. Bxd4 0-0 10. 0-0 Bd7 11. Qd2 Bc6 12. f3 Nd7 13. Be3 Nc5 14. Rab1 a5 15. Rfc1 e6 16. Bf1 Re8 17. Ne2 Be5 18. b3 Qh4 19. Ng3 Qe7 20. Rd1 Red8 21. Qf2 h5 22. Ne2 b6 23. Nd4 Qc7 24. g3 d5 25. Nxc6 Qxc6 26. exd5 exd5 27. Bg2 Rac8 28. f4 Bf6 29. Bxd5 Qc7 30. Qf3 Qe7 31. f5 gxf5 32. Re1 Nd3 33. Re2 Ne5 34. Qxf5 Ng4 35. Qg6+ Bg7 36. Bd4 Qf8 37. Qg5 Rxd5 38. cxd5 f6 39. Qxh5 Ne5 40. Rf1 Qd6 41. Bxe5 Qc5+ 42. Ref2 fxe5 43. Qf7+ Kh8 44. Kg2 Rd8 45. Rd1 e4 46. Rf4 Qc2+ 47. Kh3 Qc8+ 48. Qe6 Bh6 49. Rh4 1-0